000 01206nam a2200253 i 4500
001 bg
245 0 0 _aZastosowanie komputerów w dydaktyce '95 :
_bV cykl seminariów zorganizowanych przez PTETiS Oddział w Gdańsku, Gdańsk, 1995 /
_c[kom. red. Ludwik Referowski et al.].
246 1 1 _aComputer aided education '95
260 _aGdańsk :
_bWydaw. WE PG,
_c1995.
300 _a139 s. :
_brys., wykr. ;
_c24 cm.
490 1 _aZeszyty Naukowe Wydziału Elektrycznego Politechniki Gdańskiej =
_aThe Scientific Papers of Electrical Engineering Faculty Technical University of Gdańsk,
_x1425-5766 ;
_v8
500 _aTyt. równol. : Computer aided education '95 : proceedings of the V seminar [...], Gdańsk, 1995. - Tekst częśc. ang.
504 _aBibliogr. przy ref. - Indeks.
650 9 _aElektrotechnika
_xszkolnictwo wyższe
_xnauczanie
650 9 _aKomputery
_xstosowanie
_xnauczanie
655 _aMateriały konferencyjne
700 1 _aREFEROWSKI, Ludwik.
_eRed.
830 0 _aZeszyty Naukowe Wydziału Elektrycznego Politechniki Gdańskiej ;
_v8
040 _cBPK
041 0 _aplen
080 _a378:372.862.13:519.688](061.3)
942 _cKS
008 s pl f |000 0 pol
999 _c31012
_d31012